MARC details
| 000 -CABECERA |
| campo de control de longitud fija |
05377nam a2200481Ia 4500 |
| 001 - NÚMERO DE CONTROL |
| campo de control |
dia_4759 |
| 003 - IDENTIFICADOR DEL NÚMERO DE CONTROL |
| campo de control |
CHAP |
| 005 - FECHA Y HORA DE LA ÚLTIMA TRANSACCIÓN |
| campo de control |
20241010134011.0 |
| 007 - CAMPO FIJO DE DESCRIPCIÓN FÍSICA--INFORMACIÓN GENERAL |
| campo de control de longitud fija |
ta |
| 008 - DATOS DE LONGITUD FIJA--INFORMACIÓN GENERAL |
| campo de control de longitud fija |
220117s2011 mx ado frm 001 0 spa d |
| 010 ## - NÚMERO DE CONTROL DE LA BIBLIOTECA DEL CONGRESO |
| Número de control de LC |
175516 |
| 040 ## - FUENTE DE LA CATALOGACIÓN |
| Centro/agencia transcriptor |
CHAP |
| Centro catalogador/agencia de origen |
mxchpua |
| Normas de descripción |
rda |
| 041 0# - CÓDIGO DE LENGUA |
| Código de lengua del texto/banda sonora o título independiente |
spa |
| Código de lengua del sumario o resumen |
eng |
| 090 ## - LOCALMENTE ASIGNADO TIPO-LC NÚMERO DE CLASIFICACIÓN (OCLC); NÚMERO DE CLASIFICACIÓN LOCAL (RLIN) |
| Número de clasificación (OCLC) (R) ; Numero de clasificación, CALL (RLIN) (NR) |
Tesis V37 2011 |
| Número cutter local (OCLC) ; Número de libro/Signatura topográfica íntegra, CALL (RLIN) |
V37 |
| año |
2011 |
| 100 1# - ENTRADA PRINCIPAL--NOMBRE DE PERSONA |
| Nombre de persona |
Vásquez Maya, Isabel Irene |
| 245 10 - MENCIÓN DE TÍTULO |
| Título |
Contenido de antocianinas y potencial antioxidante en Chile Guajillo (Capsicum annuum L.) / |
| Mención de responsabilidad, etc. |
Isabel Irene Vásquez Maya |
| 264 ## - PRODUCCIÓN, PUBLICACIÓN, DISTRIBUCIÓN, FABRICACIÓN Y COPYRIGHT |
| Producción, publicación, distribución, fabricación y copyright |
Chapingo, México : |
| Nombre del de productor, editor, distribuidor, fabricante |
El autor, |
| Fecha de producción, publicación, distribución, fabricación o copyright |
2011 |
| 300 ## - DESCRIPCIÓN FÍSICA |
| Extensión |
iv, 48 hojas : |
| Otras características físicas |
ilustraciones, gráficas, tablas, fotos + |
| Material acompañante/anejo |
1 CD-ROM |
| 336 ## - TIPO DE CONTENIDO |
| Fuente |
rdacontent, |
| Término de tipo de contenido |
texto |
| Código de tipo de contenido |
txt |
| 337 ## - TIPO DE MEDIO |
| Fuente |
rdamedia |
| Nombre/término del tipo de medio |
no mediado |
| Código del tipo de medio |
n |
| 338 ## - TIPO DE SOPORTE |
| Fuente |
rdacarrier |
| Nombre/término del tipo de soporte |
volumen |
| Código del tipo de soporte |
nc |
| 500 ## - NOTA GENERAL |
| Nota general |
El CD contiene reporte |
| 502 ## - NOTA DE TESIS |
| Nota de tesis |
Tesis |
| Tipo de título |
(Ingeniero Agroindustrial) -- |
| Nombre de la institución que otorga el título |
UACh. Departamento de Ingeniería Agroindustrial, |
| Año de obtención del título |
2011 |
| 504 ## - NOTA DE BIBLIOGRAFÍA, ETC. |
| Nota de bibliografía, etc. |
Bibliografía: hojas 44-47 |
| 520 3# - SUMARIO, ETC. |
| Sumario, etc. |
El objetivo del presente trabajo fue estudiar el contenido de antocianinas y potencial antioxidante en chile guajillo para lo cual se evaluaron algunas variables como el ácido ascórbico, fenoles totales, antocianinas, color y actividad antioxidante. El experimento se realizó en el departamento de Fitotecnia de la Universidad Autónoma Chapingo, México, con frutos secos de chile guajillo (Capsicum annum L.). El material vegetativo consistió en 30 colectas de chile guajillo, provenientes de los estados de Durango y Zacatecas. El análisis estadístico que se realizó fue mediante la prueba de Tukey (p? 0.05), usando el paquete estadístico SAS. Para la evaluación de cada variable se utilizaron tres repeticiones de cada colecta, la unidad experimental consistió en tres chiles. Los datos se analizaron bajo un diseño completamente al azar. Además los resultados se sometieron a un análisis multivariado de datos para obtener grupos de colectas con características semejantes. En color (hue) la colecta 19 que viene de Zacatecas, tiene el valor más alto y la 25 de Zacatecas con el valor más bajo. En cuanto en croma y luminosidad todas las colectas fueron estadísticamente iguales. En contenido de fenoles las colectas 8, 13, 20, 21, 24, 25, 26, y 27 son las que presentaron valores más altos, y la 3 fue el valor más bajo. Las colectas 19 y 25 presentaron altos contenidos de acido ascórbico que proceden de Zacatecas y las colectas 4, 29 y 30 con valores más bajos procedentes de Durango y Zacatecas. Las colectas con mayor capacidad antioxidante fueron 12, 14 y 16 provenientes de Durango y Zacatecas y la 28 con menor capacidad antioxidante que proviene de Zacatecas. En cuanto al contenido de antocianinas las colectas 1, 9, 17 y 21 presentaron los valores más altos originarios de Durango y Zacatecas y la colecta 22 de Zacatecas con el valor más bajo. -- |
| 520 3# - SUMARIO, ETC. |
| Sumario, etc. |
The objective of the present work was to study the anthocyanin content and antioxidant potential in guajillo pepper for which variables such as ascorbic acid, total phenols, anthocyanin color and antioxidant activity were evaluated. The experiment was fulfilled in the crop sciences department in the University of Chapingo, Mexico with dried fruits of guajillo pepper (Capsicum annum L.). The vegetative material consisted of 30 collections of guajillo pepper, from the states of Durango and Zacatecas. The statistical analysis was made by means of the Tukey test (p? 0.05), using the statistical package SAS. For the evaluation of every variable three repetitions of every collection were used, the experimental unit consisted of three peppers. The data was analyzed under a completely random design. These results were also subjected to multivariate analysis of data to obtain collection groups with similar characteristics. Collection 19 has the highest value in color (hue) and collection 25 has the lowest value both come from Zacatecas. Referring to chroma and luminosity all the collections were statistically equal. In Collections 8, 13, 20, 21, 24, 25, 26, and 27 contained higher values of phenols, and collection 3 had the lowest value. Collections 19 and 25 presented high content of ascorbic acid that come from Zacatecas and collections 4, 29 and 30 contained lower values which come from Durango and Zacatecas. The collections with the highest antioxidant capacity were 12, 14 and 16 from Durango and Zacatecas, and collection 28 had lower antioxidant capacity from Zacatecas. Collections 1, 9, 17 and 21 presented the highest values from Durango and Zacatecas, and the collection 22 from Zacatecas with the lowest value containing anthocyanin. |
| 650 13 - PUNTO DE ACCESO ADICIONAL DE MATERIA--TÉRMINO DE MATERIA |
| Término de materia o nombre geográfico como elemento de entrada |
Actividad antioxidante |
| Fuente del encabezamiento o término |
atg |
| 650 13 - PUNTO DE ACCESO ADICIONAL DE MATERIA--TÉRMINO DE MATERIA |
| Término de materia o nombre geográfico como elemento de entrada |
Antocianinas |
| Fuente del encabezamiento o término |
atg |
| 650 13 - PUNTO DE ACCESO ADICIONAL DE MATERIA--TÉRMINO DE MATERIA |
| Término de materia o nombre geográfico como elemento de entrada |
Capsicum annuum |
| Subdivisión general |
Actividad antioxidante |
| Fuente del encabezamiento o término |
atg |
| 650 13 - PUNTO DE ACCESO ADICIONAL DE MATERIA--TÉRMINO DE MATERIA |
| Término de materia o nombre geográfico como elemento de entrada |
Fenoles |
| Fuente del encabezamiento o término |
atg |
| 650 13 - PUNTO DE ACCESO ADICIONAL DE MATERIA--TÉRMINO DE MATERIA |
| Término de materia o nombre geográfico como elemento de entrada |
Anthocyanins |
| Fuente del encabezamiento o término |
atg |
| 650 13 - PUNTO DE ACCESO ADICIONAL DE MATERIA--TÉRMINO DE MATERIA |
| Término de materia o nombre geográfico como elemento de entrada |
Phenols |
| Fuente del encabezamiento o término |
atg |
| 650 13 - PUNTO DE ACCESO ADICIONAL DE MATERIA--TÉRMINO DE MATERIA |
| Término de materia o nombre geográfico como elemento de entrada |
Capsicum annuum |
| Subdivisión general |
Antioxidant activity |
| Fuente del encabezamiento o término |
atg |
| 700 1# - PUNTO DE ACCESO ADICIONAL--NOMBRE DE PERSONA |
| Nombre de persona |
Martínez Damián, María Teresa |
| Término indicativo de función/relación |
directora |
| 700 1# - PUNTO DE ACCESO ADICIONAL--NOMBRE DE PERSONA |
| Nombre de persona |
Moreno Pérez, Esau del Carmen |
| Término indicativo de función/relación |
asesor |
| 700 1# - PUNTO DE ACCESO ADICIONAL--NOMBRE DE PERSONA |
| Nombre de persona |
Valle Guadarrama, Salvador |
| Término indicativo de función/relación |
asesor |
| 856 41 - LOCALIZACIÓN Y ACCESO ELECTRÓNICOS |
| Identificador Uniforme del Recurso |
<a href="http://10.13.5.2/tesis/114213.pdf">http://10.13.5.2/tesis/114213.pdf</a> |
| Texto de enlace |
DESCARGAR PDF |
| 901 ## - ELEMENTOS DE DATOS A LOCAL LDA (RLIN) |
| a |
TESIS V37 2011 |
| 942 ## - ELEMENTOS DE PUNTO DE ACCESO ADICIONAL (KOHA) |
| Tipo de ítem Koha |
TESIS |
| Fuente del sistema de clasificación o colocación |
Clasificación Universidad Autónoma Chapingo |
| 902 ## - ELEMENTOS DE DATOS B LOCAL, LDB (RLIN) |
| a |
M |
| 905 ## - ELEMENTOS DE DATOS E LOCAL, LDE (RLIN) |
| a |
5232272011 mx dinl8223223322spa16 |